000 00615nam a22002417a 4500
003 OSt
005 20210420061950.0
008 201126b1985 ||||| |||| 00| 0 eng d
020 _a0874888534
040 _cDLC
041 _aeng
080 _a616.8
_bR-80
100 _9384
_aRoss,R.T
245 _aNervous System
250 _aSecond Edition
260 _aNew york
_bMedical exsamination publishing co
_c1985
300 _a274
650 0 _9100
_aNeurology
653 _aნევროლოგია
653 _aნერვული სისტემა
710 _9385
_aRoss,R.T
942 _2udc
_cBK
999 _c463
_d463